Rappers by memes - Statistics

General Stats
  • This quiz has been taken 64 times
  • The average score is 6 of 8
Answer Stats
Picture Answer % Correct
drake
98%
eminem
98%
Lil Wayne
90%
Tyler the creator
87%
Kendrick lamar
80%
J cole
72%
NBA youngboy
57%
21 savage
7%
No matching quizzes found
Score Distribution
Percent of People with Each Score
Percentile by Number Answered
Your Score History
You have not taken this quiz